000 00736nam a2200241 i 4500
001 bg
245 0 0 _aMathematica 5 /
_cGrzegorz Drwal [et al.].
260 _aGliwice :
_bWydaw. Pracowni Komputerowej Jacka Skalmierskiego,
_c2004.
300 _a838 s. :
_bil. ;
_c24 cm.
500 _aNazwa wydawcy w cop.
504 _aBibliogr. Indeks.
650 9 _aMathematica (informat.)
655 _aPodręczniki
700 1 _aDRWAL, Grzegorz
020 _a8389105578
040 _cBPK
041 0 _apol
080 _a004.42(07)
920 _a83-89105-57-8
942 _cKS
008 s pl f |000 0 pol
999 _c44250
_d44250
856 _uhttp://koha.tu.koszalin.pl/cgi-bin/koha/opac-detail.pl?biblionumber=44250
_yKatalog online BPK